Synthesis and characteristics of MAH-g-EPDM compatibilized EPDM/NBR rubber blends (Record no. 70124)

MARC details
000 -LEADER
fixed length control field 01297nam a2200205Ia 4500
100 ## - MAIN ENTRY--AUTHOR NAME
Personal name Botros S H
245 #0 - TITLE STATEMENT
Title Synthesis and characteristics of MAH-g-EPDM compatibilized EPDM/NBR rubber blends
260 ## - PUBLICATION, DISTRIBUTION, ETC. (IMPRINT)
Name of publisher Journal of Elastomers and Plastics
Year of publication 2006
300 ## - PHYSICAL DESCRIPTION
Number of Pages 349-365
520 ## - SUMMARY, ETC.
Summary, etc Maleated ethylene-propylene diene monomer rubber (MAH-g-EPDM) was prepared on a two-roll mill and tested as a compatibilizer for EPDM/NBR (butadiene-acrylonitrile rubber) blend. Intrinsic viscosity measurements and scanning electron microscopy revealed that MAH-g-EPDM improved the compatibility and morphology of EPDM/NBR blend. The uncompatibilized blend showed a negative deviation in the mechanical properties after aging, from the straight line of the additive rule. However, the compatibilized blend showed a positive deviation. Also, MAH-g-EPDM improved the co-curing of EPDM and NBR rubbers. The effect of blend ratio ont he heat resistance and upon the stability against UV of the elastomer blend is discussed in terms of the mechanical properties.
650 ## - SUBJECT ADDED ENTRY--TOPICAL TERM
Topical Term Compatibilizer
650 ## - SUBJECT ADDED ENTRY--TOPICAL TERM
Topical Term Elastomer blend
650 ## - SUBJECT ADDED ENTRY--TOPICAL TERM
Topical Term EPDM
650 ## - SUBJECT ADDED ENTRY--TOPICAL TERM
Topical Term Grafted EPDM
650 ## - SUBJECT ADDED ENTRY--TOPICAL TERM
Topical Term Maleated EPDM
650 ## - SUBJECT ADDED ENTRY--TOPICAL TERM
Topical Term NBR
700 ## - ADDED ENTRY--PERSONAL NAME
Personal name Tawfic M L
942 ## - ADDED ENTRY ELEMENTS (KOHA)
Koha item type Journals
Holdings
Withdrawn status Lost status Damaged status Not for loan Home library Current library Shelving location Date acquired Serial Enumeration / chronology Koha item type
      Journals RRII Library RRII Library Rubber chemistry 30/01/2007 Volume 38, Issue 4 Journals